Co to znaczy? - Statystyki

Ogólne statystyki
  • Ten quiz został rozwiązany 155 razy
  • Średni wynik to 9 z 21
Statystyki odpowiedzi
Definicja Odpowiedź % Poprawnych
To największy odłam chrzescijaństwa, nie uznaje Papieża. Prawosławie
91%
Świątynia największego odłamu chrześcijan. Cerkiew
71%
Święta księga Arabów. Koran
69%
Religja Monoteistyczna wyznawana przez Arabów. Islam
67%
To wiara w tylko jednego Boga. Monoteizm
60%
Religia oparta na naukach Jezusa. Chrzescijaństwo
58%
Wiara w wielu Bogów. Politeizm
57%
Świątynia wyznawców religii (Sprzed 3 pytań). Meczet
53%
Cesarstwo Wschodnio Rzymskie. Bizancjum
47%
Umowa pomiędzy Papiestwem a jakimś państwem. Konkordat
47%
Wykluczenie z kościoła katolickiego. Ekskomunika
46%
Szereg władców z jednego rodu. Dynastia
42%
Wyznawcy religii (Sprzed 2 pytań). Muzułmanie
42%
To członkowie zakonu założonego w Jerozolimie. Krzyżacy
34%
To Palestyna i Izrael. Ziemia Święta
34%
Zjazd dostojników Kościelnych. Synod
23%
Były one podejmowane przez państwa katolickie i polegały na Wojnie przede wszystkim z wyznawcami religii (Sprzed 9 pytań). Wyprawy Krzyżowe
22%
To ściana z ikonami w świątyni. Ikonostas
19%
Religia w której Bóg jest "opiekunem" lub "nadzorcą". Judaizm
19%
To główna prawda wiary. Dogmat
18%
To nadawanie stanowisk i ziem w średniowieczu. Inwestytura
13%
Nie znaleziono quizów pasujących do podanych kryteriów
Rozkład punktacji
Procent ludzi z każdym wynikiem
Percentyl według liczby udzielonych odpowiedzi
Twoja historia wyników
Nie rozwiązałeś tego quizu